Quizzes
Events
Quiz Creation
Community
Videos
Private Events
Remove Ads
Sign In
Join for FREE
Feedback
Dark Mode
Quiz Categories
Sports
Geography
Music
Movies
Television
Just For Fun
Miscellaneous
History
Literature
Language
Science
Gaming
Entertainment
Religion
Holiday
For Kids
Quiz Lab
Recent
Popular Today
Quiz Kudos Today
Editor Picks
Curator Picks
Quizzes by...
Day
Popularity
Type
Ratings
Length
Year
Community
Subscriptions
Recent Discussions
Orange Saloon
Badges
Playlists
Quests
Create
Leaderboards
Showdown
Live 5
Trivia Bingo
Activity
Puzzle Library
Sporcle Events
Private Events
Virtual Trivia
Globe League
Become a Host
Pub Owners
SporcleCon
Opinionation
Our Games
Videos
Blog
Mobile Apps
Partnerships
Remove Ads and Go Orange
Feedback
Sports
Athletes
MLB
NBA
NHL
NFL
Soccer
Sports Teams
WWE
NCAA
Football
Premier League
Basketball
Baseball
Hockey
Golf
Tennis
Cricket
Rugby
Auto Racing
Olympics
World Cup
Sports
Athletes
MLB
NBA
NHL
NFL
Soccer
Sports Teams
WWE
NCAA
Football
Premier League
Basketball
Baseball
Hockey
Golf
Tennis
Cricket
Rugby
Auto Racing
Olympics
World Cup
Random Quiz
Search Sporcle
×
Quiz Lab
Quiz Lab
Sports
Basketball
Type in answers that appear in a list
Type in answers that appear in a list
Classic
Best Score? Go Orange.
Big 4 Teams Not Ending in -RS Stats
Can you name the big 4 team names not ending in -RS?
By
Y_I_owt_to
10m
90 Questions
101 Plays
101 Plays
101 Plays
Comments
Comments
Give Quiz Kudos
Give Quiz Kudos
-
- Ratings
hide this ad
More Info
Replay
Link that replays current quiz
Next Quiz
Link to next quiz in quiz playlist
You Got
0%
They Got
Avg Score
78%
Avg Friend Score
Upgrade to see
Score Distribution
Jump to the score distribution portion of the page
Score
0/90
Timer
10:00
0
Plays Today
% Correct
Red Sox
94.1%
White Sox
94.1%
Giants
94.1%
Giants
94.1%
Reds
93.1%
Jets
93.1%
Jets
93.1%
Cardinals
91.1%
Athletics
91.1%
Cardinals
91.1%
Dolphins
89.1%
Heat
89.1%
Mets
88.1%
Yankees
87.1%
Indians
87.1%
Blue Jays
86.1%
Cubs
86.1%
Eagles
86.1%
Marlins
85.1%
Angels
85.1%
Patriots
85.1%
Rays
84.2%
Braves
84.2%
Phillies
84.2%
Twins
84.2%
Orioles
83.2%
Kings
83.2%
Texans
83.2%
Falcons
83.2%
Broncos
83.2%
% Correct
Cowboys
83.2%
Kings
83.2%
Astros
82.2%
Lions
82.2%
Vikings
82.2%
Titans
82.2%
Saints
82.2%
Redskins
82.2%
Celtics
82.2%
Padres
81.2%
Seahawks
81.2%
Pirates
80.2%
Diamondbacks
80.2%
Browns
80.2%
Bills
80.2%
Mavericks
80.2%
Magic
80.2%
Nationals
79.2%
Royals
79.2%
Bengals
79.2%
Jazz
79.2%
Red Wings
78.2%
Ravens
78.2%
Colts
78.2%
Rams
78.2%
Bulls
78.2%
Rockets
78.2%
Rockies
77.2%
Pistons
77.2%
Penguins
76.2%
% Correct
Canucks
76.2%
Hawks
76.2%
Suns
76.2%
Wild
75.2%
Timberwolves
75.2%
Bruins
74.3%
Chiefs
74.3%
Thunder
74.3%
Canadiens
73.3%
Blackhawks
71.3%
Maple Leafs
70.3%
Lightning
70.3%
Nuggets
70.3%
Ducks
69.3%
Bucks
69.3%
Blues
67.3%
Capitals
67.3%
Devils
66.3%
Blue Jackets
66.3%
Coyotes
66.3%
Sharks
66.3%
Wizards
66.3%
Nets
66.3%
Hurricanes
63.4%
Grizzlies
63.4%
Bobcats
62.4%
Hornets
62.4%
Avalanche
60.4%
Flames
58.4%
Sabres
57.4%
Quiz Playlist
Details
Report
Send in Message
Add To Playlist
More Info:
NBA, NHL, NFL, and MLB Teams
Classic:
Type in answers that appear in a list
Last Updated: Feb 16, 2017
Quiz Scoreboard
CHALLENGE
Sign Up to Join the Scoreboard
Show All
Scores
Hide
Comments
May contain spoilers
Recently Published
Billboard Blitz: Fleetwood Mac
by CooCooCachoo
Music
15s
Presidents Visiting Landmarks
by Hejman
History
7m
An Introduction to Baseball
by treessimontrees
Sports
5m
More to Explore
Quiz From the Vault
Featured Blog Post
Where Did the Easter Bunny Come From?
hide this ad
You Might Also Like...
Tags
Baseball Quiz
Basketball Quiz
MLB Quiz
NBA Quiz
NFL Quiz
NHL Quiz
Ending
team
Today's Top Quizzes in Sports
Browse Sports
hide this ad
Today's Top Quizzes in Basketball
Browse Basketball
Top Contributed Quizzes in Sports
1
Les meilleurs buteurs des matchs entre le PSG et l’OM
2
2022 World Cup Stars
3
FIFA Club World Cup Champions
4
Les entraîneurs de l'OM et du PSG au 21e siècle
5
Criteria MLB: Left Handed Sluggers
6
Name the Premier League winners with different clubs
7
5-to-1: UK Sports Teams
8
AFC Teams Reveal (Wrong Answers Minefield)
9
Players with Multiple 50 Home Run Seasons
10
5-to-1: FBS Animal Nicknames
Explore More
Trending Topics
Disney
Marvel
Anime
NBA
Harry Potter
Crossword
Kpop
WWE
The Office
Song
NFL
Country
Pokémon
Puzzle
Soccer
hide this ad
More By:
Y_I_owt_to
Quiz
Plays
Rating
Category
Featured
Created
8 Letter Blitz
426
3.25
Just For Fun
Oct 20, 2011
Big 4 Teams Not Ending in -RS
101
4.00
Sports
Oct 22, 2011
2 Letter Word Ladder 2
100
3.25
Just For Fun
Oct 14, 2011
Facts of Kansas
89
4.00
Geography
Oct 14, 2011
Backwards Alphabet Twice
50
4.00
Just For Fun
Oct 22, 2011
Go to Creator's Profile
Score Distribution
Quiz Creator Spotlight
Y_I_owt_to
Follow
Send a Message
Quizzes Created
-
Created Quiz Play Count
-
More By This Creator
Popular Quizzes Today
1
Find the US States - No Outlines Minefield
2
Find the Countries of Europe - No Outlines Minefield
3
The Countries of the World
4
Find the US States
5
US States
6
Risky Map Clicking: Biggest States A-Z
7
Popular People in 1961
8
Movies - When Are They Set?
More Sports Quizzes
Big 4 3 or More Championships in a Row
Curator's Pick
Trending Quizzes
Risky Map Clicking: Least Populous States A-Z
1-10 Letter G Words
1-10 Letter F Words
Risky Map Clicking: Next State Alphabetically
Risky Map Clicking: Biggest States A-Z
Recently Updated
Leaping Animals
pecheneg
Reality TV Shows (A-Z)
bhenderson79
Rickey Henderson's Hall of Fame Teammates
pecheneg
Champions League XIs: Arsenal
pecheneg
Quick Pick: Celebrities in WWE's Hall of Fame
aduchscher
A-Z Keypad Blitz II
pecheneg
Multiple Oscar Actors
pecheneg
Mystery Phrase Blitz: Oscar 'Best Actors'
pecheneg
F. Scott Fitzgerald Novels
LTH
Pick 3 Villains
ddd62291
Trending Topics
Kpop
Marvel
Harry Potter
Crossword
Disney
NBA
Anime
Country
Pokémon
The Office
Song
WWE
Puzzle
NFL
Soccer
Your Account Isn't Verified!
In order to create a playlist on Sporcle, you need to verify the email address you used during registration. Go to your
Sporcle Settings
to finish the process.
Report this User
Report this user for behavior that violates our
Community Guidelines
.
Details:
Send Report
Go to the Sporcle.com Mobile Site →
Comments